00369nam a2200133 a 4500008004100000050001500041100002000056245006200076260003000138300002400168350000900192650001200201650002200213120416s1971 ||||||||||||||||| || u aGN 480 Ret aNeedham, Rodney10aRethinking kinship and marriagecedited by Rodney Needham aLondonbTavistockc[1971] acxvii, 276p. : ill. a0.00 aCULTURE aKINSHIP--MARRIAGE